| 000 | 00453nam a2200169Ia 4500 | ||
|---|---|---|---|
| 008 | 220216s9999 xx 000 0 und d | ||
| 100 | _aCai Q | ||
| 245 | 0 | _aDetection of cytosine methylation and mapping of a gene influencing cytosine methylation in the genome of citrus | |
| 260 |
_bGenome _c1996 |
||
| 300 | _a235-242 | ||
| 650 | _aCitrus grandis | ||
| 650 | _aPCR | ||
| 650 | _aRAPD | ||
| 700 | _aGuy C L | ||
| 700 | _aMoore G A | ||
| 942 | _cJS | ||
| 999 |
_c56851 _d56851 |
||